Análisis introductorio de circuitos

Uloženo v:
Podrobná bibliografie
Hlavní autor: Boylestad, Robert L.
Další autoři: Contin Sanz, Agustín Traductor
Médium: Kniha
Jazyk:Spanish
Vydáno: México : Trillas, 1978
Témata:
Tagy: Přidat tag
Žádné tagy, Buďte první, kdo vytvoří štítek k tomuto záznamu!

MARC

LEADER 00000nam a2200000Ia 4500
003 000397
005 20221231143947.0
008 140114s1978 mx a 000 ||spa d
040 |c cru CEDI 
082 |a 621.319.2 B792a 
100 |a Boylestad, Robert L.  |9 19249 
245 |a Análisis introductorio de circuitos  
260 |a México : Trillas,   |c 1978 
300 |a 858 páginas ; ilustraciones 
650 |x CIRCUITOS ELECTRICOS   |x CIRCUITOS INTEGRADOS   |x ANALISIS DE CIRCUITOS ELECTRICOS  |9 19345 
700 |9 19294  |a Contin Sanz, Agustín  |d Traductor 
942 |2 ddc  |c BK 
999 |c 14827  |d 14827